| 000 | 01413nam a2200289 i 4500 | ||
|---|---|---|---|
| 001 | 000022590 | ||
| 003 | DO-SdBNP | ||
| 005 | 20241017111227.0 | ||
| 007 | ta | ||
| 008 | 241017s1936 dr 000 0 spa d | ||
| 040 |
_aDO-SdBNP _bspa _cBNPHU _erda |
||
| 082 | 4 |
_a944.9903 _bM294f _222 |
|
| 245 | 0 | _aManuscrito francés del año 1715 dirigido al Ministro de Hacienda de Luis XV (encuaderno a las armas del referido Ministro) Rouillé Du Coudray, suplicado a su excelencia generalísimo don Rafael Leonadas Trujillo Molina, Presidente de la República Dominicana en prueba de la respetuosa admiración y de la lealtad de su Cónsul Honorario en Caen (Francia) el Conde Hanot d'Hartoy. | |
| 264 | 1 |
_aCiudad desconocida : _bEditora desconocida, _c1936 |
|
| 300 |
_apaginas variadas ; _c32 cm. |
||
| 336 |
_atexto _btxt _2rdacontent |
||
| 337 |
_asin mediación _bn _2rdamedia |
||
| 338 |
_avolumen _bnc _2rdacarrier |
||
| 500 | _aEn prueba de la respetuosa admiración y de la lealtad de su consul honorario en Caen (Francia) el Conde Hanot D`Hartoy, 1936 | ||
| 500 | _aA la cabeza del titulo : Contribución a la historia de Santo Domingo . | ||
| 590 | _aInventariado, 2024/ DG | ||
| 600 | 1 | 0 |
_aLuis XIV, Rey de Francia, _d 1638-1715 _986713 |
| 651 | 7 |
_aFrancia _xRelaciones _zDominicana _y1715 _986714 |
|
| 651 | 7 |
_aRepública Dominicana _xRelaciones _zFrancia _y1715 _986715 |
|
| 910 | _aDG | ||
| 942 |
_2ddc _cLBS1 |
||
| 999 |
_c57888 _d57888 |
||